000 00493nam a22001937a 4500
003 MPLRDC
005 20220104160127.0
008 210129b ||||| |||| 00| 0 eng d
020 _a957-452-673-9
082 _a536.87 LY
100 _a林郁主编
245 _a犹太的生活哲学
_c
250 _a初版
260 _a台湾
_b新潮社文化事业有限公司
_c2004
300 _b230
490 _a阅读智慧. 12
650 _a民族志--犹太民族
942 _cBK
_o536.87 LY
999 _c54822
_d54812